Personnages Alice au pays des merveilles en images - Disney - Statistiques

Statistiques générales
  • Ce quiz a été pris 53 fois
  • Le résultat moyen est 6 sur 15
Statistiques - réponses
Par images Réponse % Correct
Alice
100%
Reine de coeur
86%
Chapelier Fou
81%
Lapin blanc
52%
La Chenille
48%
Chat du Cheshire
45%
Lièvre de Mars
40%
Dodo
33%
Roi de Cœur
33%
Tweedle Dee / Tweedle Dum
33%
Dinah
24%
Bill le Lézard
21%
Le Morse
17%
Le Charpentier
14%
Sœur d'Alice
14%
Aucun quiz correspondant
Distribution des résultats
% des personnes avec chaque résultat
Percentile par nombre de réponses
Votre historique - résultats
Vous n’avez pas pris ce quiz